[Event "ICS rated standard match"]
[Site "204.178.125.65"]
[Date "2000.06.09"]
[Round "?"]
[White "Hossa"]
[Black "Mefisto5000"]
[Result "1-0"]
[WhiteElo "2330"]
[BlackElo "2010"]
[PlyCount "62"]
[EventDate "2000.??.??"]

1. e4 e6 2. d4 d5 3. exd5 exd5 4. Bd3 Bd6 5. Nc3 c6 6. Nge2 Ne7 7. Bf4 O-O 8.
O-O Bf5 9. Re1 Bxd3 10. Qxd3 Ng6 11. Bxd6 Qxd6 12. Ng3 Nd7 13. Nf5 Qf6 14. Qh3
Nb6 15. Qf3 Kh8 16. b3 Rfe8 17. a4 Re6 18. a5 Nd7 19. Re3 Rae8 20. a6 b5 21.
Rf1 Rxe3 22. fxe3 Qe6 23. Qg3 Nb8 24. h4 Rg8 25. h5 Ne7 26. Nxg7 Rxg7 27. Qxb8+
Rg8 28. Qf4 f5 29. Rf3 Rg4 30. Qc7 Nc8 31. Ne2 Qg8 {Mefisto5000 resigns} 1-0

[Event "ICS rated standard match"]
[Site "204.178.125.65"]
[Date "2000.06.09"]
[Round "?"]
[White "Hossa"]
[Black "Mefisto5000"]
[Result "0-1"]
[WhiteElo "2343"]
[BlackElo "2033"]
[PlyCount "136"]
[EventDate "2000.??.??"]

1. e4 e6 2. d4 d5 3. exd5 exd5 4. Bd3 Bd6 5. Nc3 c6 6. Nge2 Bg4 7. f3 Bh5 8.
O-O Bg6 9. Bf4 Ne7 10. Bxg6 Nxg6 11. Bxd6 Qxd6 12. f4 f5 13. Nc1 Nd7 14. Re1+
Kd8 15. g3 Kc7 16. Nd3 Nf6 17. Ne5 Raf8 18. a3 Ne4 19. Qe2 Nxe5 20. fxe5 Qg6
21. Rac1 h5 22. Qg2 h4 23. gxh4 Qxg2+ 24. Kxg2 Rxh4 25. Re2 g5 26. Rf1 Nxc3 27.
bxc3 Re4 28. Ref2 f4 29. Kf3 Kd7 30. Kg4 Rg8 31. Kf5 Re3 32. Rf3 Rxf3 33. Rxf3
Rh8 34. Kxg5 Rxh2 35. Rxf4 Rxc2 36. Rf7+ Ke6 37. Rxb7 Rxc3 38. Rxa7 Rc4 39. Ra6
Rxd4 40. Rxc6+ Kxe5 41. Ra6 Rd1 42. Ra8 Rg1+ 43. Kh5 d4 44. Re8+ Kd5 45. Rd8+
Ke4 46. Re8+ Kf3 47. Rd8 Ke3 48. Re8+ Kd2 49. a4 d3 50. Kh6 Ra1 51. Ra8 Kd1 52.
Kg5 Ra2 53. a5 Kc1 54. a6 d2 55. Kf4 d1=Q 56. Rc8+ Kb1 57. Rb8+ Rb2 58. a7 Qd6+
59. Kf5 Rxb8 60. axb8=B Qxb8 61. Kg5 Kc2 62. Kg6 Qe5 63. Kh6 Qg3 64. Kh7 Kd3
65. Kh8 Ke4 66. Kh7 Kf5 67. Kh8 Kf6 68. Kh7 Qg7# {Hossa checkmated} 0-1

[Event "ICS rated standard match"]
[Site "204.178.125.65"]
[Date "2000.06.09"]
[Round "?"]
[White "chess-bomber"]
[Black "Hossa"]
[Result "0-1"]
[WhiteElo "2062"]
[BlackElo "2316"]
[PlyCount "48"]
[EventDate "2000.??.??"]

1. g3 d5 2. Bg2 e5 3. c4 dxc4 4. Nc3 c6 5. Qa4 Be6 6. Nf3 b5 7. Nxb5 cxb5 8.
Qxb5+ Nd7 9. Nxe5 Rb8 10. Qa4 Rb4 11. Qc6 Ne7 12. Nxf7 Kxf7 13. Qf3+ Nf6 14.
O-O Bg4 15. Qa3 a5 16. f3 Be6 17. Rd1 Nf5 18. d3 Nd4 19. Bd2 Nxe2+ 20. Kh1 Rb5
21. Bxa5 Rxa5 22. dxc4 Nxg3+ 23. hxg3 Rh5+ 24. Kg1 Qb6+ 0-1

[Event "ICS rated standard match"]
[Site "204.178.125.65"]
[Date "2000.06.09"]
[Round "?"]
[White "Hossa"]
[Black "Tinker"]
[Result "1/2-1/2"]
[WhiteElo "2322"]
[BlackElo "2403"]
[PlyCount "102"]
[EventDate "2000.??.??"]

1. d4 Nf6 2. Nf3 e6 3. c4 d5 4. Nc3 Be7 5. Bf4 O-O 6. e3 Nh5 7. Bg3 dxc4 8.
Bxc4 Nxg3 9. hxg3 Nc6 10. Qc2 h6 11. O-O-O Nb4 12. Qe2 c6 13. e4 b5 14. Bb3 a5
15. Bc2 Nxc2 16. Qxc2 Bb7 17. Ne5 a4 18. Kb1 a3 19. b3 Bb4 20. Ne2 Ra6 21. Nd3
Be7 22. g4 Re8 23. Rh5 b4 24. Nc5 Rb6 25. f4 Bc8 26. g5 Bf8 27. gxh6 gxh6 28.
g4 Bg7 29. g5 hxg5 30. Rxg5 f6 31. Rh5 Kf7 32. Rg1 Rh8 33. Rxh8 Qxh8 34. Qc4
Bf8 35. f5 Qh5 36. Nxe6 Ba6 37. Ng5+ Ke8 38. Qe6+ Kd8 39. Qxf6+ Kd7 40. Qe6+
Kc7 41. Nf4 Qh2 42. Qf7+ Kb8 43. Qxf8+ Ka7 44. Qe7+ Ka8 45. Rg2 Qxf4 46. Qe8+
Ka7 47. Kc2 Qe3 48. Qe7+ Ka8 49. Qe8+ Ka7 50. Qe7+ Ka8 51. Qe8+ Ka7 1/2-1/2

[Event "ICS rated standard match"]
[Site "204.178.125.65"]
[Date "2000.06.09"]
[Round "?"]
[White "aia4"]
[Black "Hossa"]
[Result "0-1"]
[WhiteElo "2200"]
[BlackElo "2326"]
[PlyCount "64"]
[EventDate "2000.??.??"]

1. d4 Nf6 2. c4 e5 3. dxe5 Ng4 4. e4 Nxe5 5. f4 Ng6 6. Nf3 Bc5 7. f5 Ne7 8. Nc3
Nbc6 9. Bg5 f6 10. Bh4 d6 11. Qd2 O-O 12. O-O-O Re8 13. g4 a6 14. g5 fxg5 15.
Bxg5 Qd7 16. h4 a5 17. Bh3 Rf8 18. f6 Qe8 19. fxe7 Rxf3 20. Nd5 Bxh3 21. Nxc7
Qf7 22. e8=Q+ Rxe8 23. Nxe8 Qxe8 24. e5 Nxe5 25. Rde1 Qf7 26. Qxa5 Qxc4+ 27.
Kb1 Bb4 28. Qd8+ Rf8 29. Qe7 Be6 30. Re3 Qxa2+ 31. Kc2 Rf2+ 32. Kd1 Qa1# {
aia4 checkmated} 0-1

[Event "ICS Rated standard match"]
[Site "204.178.125.65"]
[Date "2000.06.09"]
[Round "?"]
[White "MM3Quick"]
[Black "Hossa"]
[Result "1-0"]
[WhiteElo "2226"]
[BlackElo "2326"]
[PlyCount "155"]
[EventDate "2000.??.??"]

1. d3 d5 2. c3 e5 3. e4 dxe4 4. dxe4 Qxd1+ 5. Kxd1 Bc5 6. f3 Be6 7. Nd2 Nd7 8.
Bc4 Bxc4 9. Nxc4 b5 10. Ne3 Ne7 11. Ne2 Rd8 12. Kc2 O-O 13. Rd1 Nb6 14. Rxd8
Rxd8 15. b3 a5 16. Nf1 a4 17. Be3 Bxe3 18. Nxe3 Nc6 19. Rd1 Rxd1 20. Kxd1 Na5
21. Kc2 Nb7 22. c4 bxc4 23. Nxc4 Nxc4 24. bxc4 Na5 25. Kd3 Nc6 26. a3 Nd8 27.
Nc3 Ne6 28. Nxa4 Nf4+ 29. Kc3 Nxg2 30. Nc5 Nh4 31. a4 Nxf3 32. Nd7 Ng5 33. Kd3
Nf3 34. a5 Nd4 35. Nb8 Ne6 36. a6 Nc5+ 37. Ke3 Nxa6 38. Nxa6 g6 39. Nxc7 f6 40.
Nd5 Kf7 41. c5 Ke6 42. c6 f5 43. c7 Kd7 44. h4 Kc8 45. Kd3 f4 46. Ke2 Kb7 47.
Kf3 h6 48. Kg4 g5 49. hxg5 hxg5 50. Kxg5 f3 51. Kg4 f2 52. Ne3 Kxc7 53. Kf3 Kd7
54. Kxf2 Ke6 55. Kf3 Ke7 56. Kg4 Kf6 57. Nc4 Ke6 58. Kg5 Ke7 59. Kf5 Kd7 60.
Kxe5 Ke7 61. Ne3 Kd7 62. Kf6 Kc6 63. e5 Kd7 64. Kf7 Kc6 65. e6 Kd6 66. e7 Ke5
67. e8=Q+ Kd4 68. Nf5+ Kd5 69. Qe6+ Kc5 70. Qd7 Kb4 71. Qc6 Kb3 72. Qc5 Ka4 73.
Qb6 Ka3 74. Ke6 Ka2 75. Kd5 Ka3 76. Kc4 Ka2 77. Kc3 Ka3 78. Qb3# {
Hossa checkmated} 1-0

[Event "ICS rated standard match"]
[Site "204.178.125.65"]
[Date "2000.06.09"]
[Round "?"]
[White "Hossa"]
[Black "aia4"]
[Result "1-0"]
[WhiteElo "2306"]
[BlackElo "2066"]
[PlyCount "41"]
[EventDate "2000.??.??"]

1. d3 d5 2. c3 c5 3. Nd2 Nc6 4. e4 Nf6 5. exd5 Qxd5 6. Ngf3 g6 7. Be2 Bf5 8.
Nf1 Qd7 9. Ng3 Be6 10. O-O Bg7 11. Ng5 Bd5 12. c4 Be6 13. Nxe6 Qxe6 14. Be3 Nd7
15. Bf3 Rc8 16. Re1 Qe5 17. Bh6 Qd4 18. Bxc6 Rxc6 19. Re4 Qf6 20. Bxg7 Qxg7 21.
d4 {aia4 resigns} 1-0

[Event "ICS rated standard match"]
[Site "204.178.125.65"]
[Date "2000.06.09"]
[Round "?"]
[White "GodsProperty"]
[Black "Hossa"]
[Result "1/2-1/2"]
[WhiteElo "2348"]
[BlackElo "2307"]
[PlyCount "179"]
[EventDate "2000.??.??"]

1. d4 Nf6 2. Nf3 e6 3. g3 b6 4. Bg2 Bb7 5. O-O c5 6. Nc3 cxd4 7. Qxd4 Bc5 8.
Qh4 Nc6 9. Bg5 d5 10. e4 d4 11. Rfd1 Qe7 12. e5 Nxe5 13. Nxe5 Bxg2 14. Kxg2
Qb7+ 15. Nf3 dxc3 16. Bxf6 gxf6 17. Qxf6 O-O 18. Qg5+ Kh8 19. b4 f6 20. Qg4 f5
21. Qf4 Be7 22. Qe5+ Rf6 23. a3 f4 24. Rd3 a5 25. Rad1 fxg3 26. hxg3 axb4 27.
axb4 Raf8 28. Qxc3 Bxb4 29. Qxb4 Rxf3 30. Qc3+ R3f6+ 31. f3 Kg8 32. Qc4 b5 33.
Qb3 Qc6 34. Rc3 Qa6 35. Rd7 b4 36. Rc4 Qb5 37. Qd3 Qf5 38. Rxb4 Qxf3+ 39. Qxf3
Rxf3 40. Rg4+ Kh8 41. Rgg7 Rf2+ 42. Kh3 Rc8 43. Rxh7+ Kg8 44. Rhe7 Rfxc2 45.
Rxe6 R2c7 46. Rg6+ Kh8 47. Rd4 Rh7+ 48. Kg2 Rc2+ 49. Kf3 Rc3+ 50. Kf2 Rh2+ 51.
Kg1 Rcc2 52. Rh4+ Rxh4 53. gxh4 Rc1+ 54. Kg2 Rc2+ 55. Kg3 Rc3+ 56. Kg4 Rc4+ 57.
Kh5 Rc5+ 58. Kh6 Rd5 59. Rc6 Rd8 60. h5 Re8 61. Rc7 Re6+ 62. Kg5 Re5+ 63. Kf6
Rd5 64. Rb7 Rc5 65. Rd7 Rb5 66. Kg6 Rb6+ 67. Kf5 Rb5+ 68. Kg4 Rb4+ 69. Kg5 Rb5+
70. Kh4 Rb4+ 71. Kg5 Rb5+ 72. Kg6 Rb6+ 73. Kf7 Rc6 74. Re7 Rd6 75. Re6 Rxe6 76.
Kxe6 Kg8 77. Kf6 Kh8 78. Kg5 Kg8 79. Kg6 Kh8 80. h6 Kg8 81. Kf5 Kh8 82. Kg5 Kg8
83. Kg6 Kh8 84. Kh5 Kg8 85. Kg6 Kh8 86. Kg5 Kg8 87. Kf6 Kh8 88. Kg6 Kg8 89. h7+
Kh8 90. Kh6 {Hossa stalemated} 1/2-1/2

[Event "ICS rated standard match"]
[Site "204.178.125.65"]
[Date "2000.06.09"]
[Round "?"]
[White "Hossa"]
[Black "CLACTON"]
[Result "1-0"]
[WhiteElo "2309"]
[BlackElo "2268"]
[PlyCount "55"]
[EventDate "2000.??.??"]

1. d3 Nf6 2. e4 e5 3. Nf3 d6 4. Nc3 c6 5. Be2 h6 6. O-O b5 7. d4 b4 8. dxe5
bxc3 9. exf6 cxb2 10. Bxb2 gxf6 11. Nd4 Rg8 12. Qd3 Qb6 13. Rfb1 Qc5 14. Nf5
Ba6 15. Qd2 Bxe2 16. Qxe2 Nd7 17. Bd4 Qa5 18. Rb7 c5 19. Be3 Rg6 20. Bf4 Qc3
21. Rd1 a6 22. Bxd6 Ne5 23. Bxf8 Kxf8 24. Qxa6 Re8 25. Re7 Rxe7 26. Rd8+ Re8
27. Rxe8+ Kxe8 28. Qc8# {CLACTON checkmated} 1-0

[Event "ICS rated standard match"]
[Site "204.178.125.65"]
[Date "2000.06.10"]
[Round "?"]
[White "PackMaster"]
[Black "Hossa"]
[Result "1/2-1/2"]
[WhiteElo "2453"]
[BlackElo "2310"]
[PlyCount "184"]
[EventDate "2000.??.??"]

1. d4 Nf6 2. Nf3 e6 3. c4 d5 4. Nc3 Be7 5. Bf4 O-O 6. e3 Nh5 7. Bg3 dxc4 8.
Bxc4 Nxg3 9. hxg3 Nc6 10. Qc2 h6 11. O-O-O Nb4 12. Qe4 c6 13. Ne5 Nd5 14. Qc2
Nxc3 15. Qxc3 c5 16. dxc5 Qc7 17. Nd3 Bxc5 18. Nxc5 Qxc5 19. Rd4 Qg5 20. Rhh4
Qf6 21. Rhf4 Qe7 22. Qd3 Qc7 23. Kb1 Rb8 24. Bb3 b5 25. Bc2 f5 26. Rd6 g5 27.
Rfd4 Qb7 28. e4 fxe4 29. Rxe4 Qc7 30. f4 Rb6 31. Rxb6 Qxb6 32. Rd4 Qc7 33. Qxb5
Qg7 34. Qd3 Ba6 35. Qe4 Bc8 36. Rd6 Qf7 37. Bb3 Re8 38. Bc4 Kh8 39. Bd3 Rf8 40.
Qd4+ Qg7 41. Qxg7+ Kxg7 42. Rc6 Bb7 43. Rxe6 Rf6 44. Re7+ Rf7 45. Rxf7+ Kxf7
46. fxg5 hxg5 47. Kc2 Bxg2 48. Kc3 Ke6 49. Kd4 Bf3 50. b4 Bd1 51. b5 Kd6 52.
Bc4 Kc7 53. Kc5 Bc2 54. Be6 Bd1 55. Bf5 Kb7 56. Bd7 Kc7 57. Be6 Bc2 58. Bg4 Ba4
59. Bf5 Bd1 60. a3 Bb3 61. Be4 Bd1 62. Kb4 Kd6 63. a4 g4 64. a5 Bf3 65. Bf5 Be2
66. b6 axb6 67. axb6 Kc6 68. Ka5 Kd6 69. Be6 Kc6 70. Bc8 Kd6 71. Ba6 Bf3 72.
Bd3 Bb7 73. Bf5 Kd5 74. Bxg4 Kc5 75. Bd1 Kd6 76. Be2 Kd7 77. g4 Ke6 78. Ba6 Bf3
79. b7 Kf6 80. b8=Q Kg5 81. Qe5+ Kh4 82. Qf4 Bd5 83. g5+ Kh5 84. Be2+ Kg6 85.
Qf6+ Kh7 86. Bd3+ Kg8 87. g6 Ba2 88. g7 Bf7 89. Kb6 Bg6 90. Qf8+ Kh7 91. Qg8+
Kxg8 92. Bxg6 Kxg7 1/2-1/2

[Event "ICS rated standard match"]
[Site "204.178.125.65"]
[Date "2000.06.10"]
[Round "?"]
[White "Hossa"]
[Black "WILDKNIGHTS"]
[Result "1-0"]
[WhiteElo "2326"]
[BlackElo "2022"]
[PlyCount "59"]
[EventDate "2000.??.??"]

1. d3 d5 2. c3 e5 3. e4 dxe4 4. dxe4 Qxd1+ 5. Kxd1 Bc5 6. f3 Nc6 7. Bc4 Nf6 8.
Kc2 Na5 9. Bd3 Be6 10. b4 Bxg1 11. Rxg1 Nc4 12. Bxc4 Bxc4 13. Na3 Be6 14. Nb5
Kd7 15. Bg5 Ne8 16. Rgd1+ Kc6 17. a4 f6 18. Nxa7+ Rxa7 19. b5+ Kb6 20. Be3+ c5
21. bxc6+ Ka6 22. Rab1 bxc6 23. Rb6+ Ka5 24. Rxc6 Bd7 25. Rd5+ Kxa4 26. Rc4+
Ka3 27. Bxa7 Ba4+ 28. Rxa4+ Kxa4 29. Bb6 Nd6 30. Ra5# 1-0

[Event "ICS rated standard match"]
[Site "204.178.125.65"]
[Date "2000.06.10"]
[Round "?"]
[White "prg3"]
[Black "Hossa"]
[Result "1-0"]
[WhiteElo "2176"]
[BlackElo "2331"]
[PlyCount "127"]
[EventDate "2000.??.??"]

1. d4 Nf6 2. c4 e5 3. dxe5 Ng4 4. Bf4 Nc6 5. Nf3 Bb4+ 6. Nc3 Qe7 7. Qd5 Bxc3+
8. bxc3 Qa3 9. Rc1 Qxa2 10. h3 Nh6 11. Bxh6 gxh6 12. e3 Qa3 13. Qd2 Qe7 14. Qd5
O-O 15. Bd3 Qe6 16. O-O Re8 17. Qe4 Qg6 18. Rb1 Qxe4 19. Bxe4 Nxe5 20. Bxb7 Rb8
21. Nxe5 Rxe5 22. Bd5 Rxb1 23. Rxb1 c6 24. Rb8 Re8 25. Bf3 a6 26. c5 Kf8 27.
Kf1 Kg7 28. Ke1 Rg8 29. Kd2 Kh8 30. Kc1 Kg7 31. Kb2 Kh8 32. Ka3 Kg7 33. Kb4 Kh8
34. Ka5 Kg7 35. Be2 Kh8 36. g3 d5 37. cxd6 Bxh3 38. Rxg8+ Kxg8 39. Kxa6 Kf8 40.
Kb6 Ke8 41. Kxc6 Kd8 42. c4 h5 43. c5 h4 44. gxh4 h6 45. Kd5 Be6+ 46. Ke5 Bd7
47. Bf3 Bb5 48. Bd5 Ke8 49. Kf6 Kd7 50. f4 Be2 51. e4 Bf3 52. Ke5 Ke8 53. c6
Bg4 54. c7 Kd7 55. Bxf7 h5 56. f5 Kc8 57. Be6+ Kb7 58. c8=Q+ Kb6 59. d7 Kb5 60.
d8=Q Kb4 61. Qb7+ Kc5 62. Qbc7+ Kb5 63. Qdb8+ Ka4 64. Qca7# {Hossa checkmated}
1-0

[Event "ICS rated standard match"]
[Site "204.178.125.65"]
[Date "2000.06.10"]
[Round "?"]
[White "CLACTON"]
[Black "Hossa"]
[Result "0-1"]
[WhiteElo "2080"]
[BlackElo "2308"]
[PlyCount "84"]
[EventDate "2000.??.??"]

1. e4 e6 2. d4 d5 3. e5 c5 4. c3 Nc6 5. Nf3 Qb6 6. Qb3 Qxb3 7. axb3 cxd4 8.
cxd4 Bd7 9. Nc3 Nb4 10. Kd1 a6 11. Bd2 Rc8 12. Na4 Rb8 13. Nb6 Bc6 14. Ne1 f6
15. f4 Nh6 16. Be2 Nf5 17. Nf3 h5 18. Bc3 Ne3+ 19. Kd2 Nxg2 20. Raf1 Nxf4 21.
Nh4 fxe5 22. Rxf4 exf4 23. Ng6 Rh6 24. Nxf8 Na2 25. Nxe6 Rxe6 26. Bxh5+ Kf8 27.
Ba5 Rh6 28. Bg4 Kf7 29. h3 Bb5 30. Ra1 Nb4 31. Rc1 Nc6 32. Bc3 Ne7 33. Na4 b6
34. Bb4 Nc6 35. Bc3 g5 36. Re1 Kf6 37. Re6+ Kg7 38. Re1 Rhh8 39. Bd7 Rhf8 40.
Bxc6 Bxc6 41. Re6 f3 42. Bb4 f2 {CLACTON resigns} 0-1

[Event "ICS rated blitz match"]
[Site "204.178.125.65"]
[Date "2000.06.10"]
[Round "?"]
[White "Tinker"]
[Black "Hossa"]
[Result "0-1"]
[WhiteElo "2517"]
[BlackElo "2444"]
[PlyCount "134"]
[EventDate "2000.??.??"]

1. e4 e6 2. Nf3 d5 3. e5 Bd7 4. Be2 c5 5. d3 Nc6 6. c3 Qc7 7. Bf4 Nge7 8. Bg3
Nf5 9. Bf4 f6 10. h3 fxe5 11. Bh2 Be7 12. O-O O-O 13. Na3 a6 14. Qd2 b6 15. Nc2
Bd6 16. Rfb1 Be8 17. Re1 Bf7 18. Ng5 Qe7 19. Nxf7 Qxf7 20. Bf1 Rad8 21. Red1
Bb8 22. Rdc1 Rd7 23. Qe1 Qf6 24. b4 cxb4 25. Nxb4 Nxb4 26. cxb4 Nd4 27. Bg3 Qg5
28. Qd1 Bd6 29. a3 Qf6 30. Qa4 Ra7 31. Ra2 a5 32. b5 Raf7 33. Rca1 Qg5 34. Rb2
Bc5 35. Kh1 Rf5 36. Rba2 Bd6 37. Kg1 Bb8 38. Rb2 R5f7 39. Rab1 Nf5 40. Bh2 Bd6
41. Ra1 Qf6 42. Rba2 Rc7 43. Rd1 Nd4 44. Bg3 Qg5 45. Rb1 Rc1 46. Rxc1 Qxc1 47.
h4 Qe1 48. Qxd4 exd4 49. Bxd6 Qb1 50. Bxf8 Qxa2 51. Bd6 Qb3 52. g3 Qxb5 53. h5
Qc6 54. Be5 Qc5 55. a4 Qb4 56. Bc7 Qxa4 57. Bxb6 e5 58. Bc7 e4 59. dxe4 dxe4
60. Bf4 d3 61. Bd2 Qa2 62. Bc3 a4 63. g4 Qc2 64. Bb4 Qb3 65. Bc5 d2 66. Be2 Qd3
67. Bxd3 exd3 {Tinker resigns} 0-1

[Event "ICS rated blitz match"]
[Site "204.178.125.65"]
[Date "2000.06.10"]
[Round "?"]
[White "Hossa"]
[Black "Tinker"]
[Result "1-0"]
[WhiteElo "2463"]
[BlackElo "2498"]
[PlyCount "263"]
[EventDate "2000.??.??"]

1. d4 Nf6 2. c4 e6 3. Nc3 d5 4. Bg5 Nbd7 5. e3 h6 6. Bh4 g5 7. Bg3 h5 8. h4 Bb4
9. cxd5 Nxd5 10. Nge2 N7f6 11. hxg5 Ne4 12. Rc1 Qxg5 13. Bh4 Qg6 14. a3 Ndxc3
15. bxc3 Bd6 16. Nf4 Qf5 17. Bd3 Bxf4 18. Qc2 Bg5 19. Bxe4 Qa5 20. Bxg5 Qxg5
21. Qa4+ Bd7 22. Qb4 Bc6 23. Bxc6+ bxc6 24. g3 Kd7 25. Rd1 Qd5 26. Rh2 Rab8 27.
c4 Rxb4 28. cxd5 Rb3 29. dxe6+ Kxe6 30. Rc1 Kd6 31. a4 Rb4 32. a5 Rb5 33. Ra1
c5 34. dxc5+ Rxc5 35. a6 Ke6 36. Rh4 Rb8 37. Re4+ Kf6 38. Rd4 Rb2 39. Rd2 Rxd2
40. Kxd2 Rf5 41. Ke2 Rb5 42. Kf3 c5 43. Ke4 Ke6 44. Rh1 f5+ 45. Kf3 c4 46. Rxh5
c3 47. Rh7 c2 48. Rc7 Rb2 49. g4 Kd6 50. Rc3 fxg4+ 51. Kxg4 Ke5 52. f3 Ra2 53.
Kg3 Kf5 54. e4+ Ke5 55. Rc4 Kf6 56. f4 Rxa6 57. Rxc2 Re6 58. Kf3 a5 59. Rh2 Kg7
60. f5 Rb6 61. e5 a4 62. Rc2 a3 63. Ra2 Rb3+ 64. Ke4 Kf7 65. Rc2 Rb4+ 66. Ke3
Rb3+ 67. Kd4 Rb4+ 68. Kd5 Rb5+ 69. Kd6 Rb6+ 70. Kc5 Rb2 71. Rc3 a2 72. Ra3 Rc2+
73. Kd4 Kf8 74. Ra8+ Kg7 75. Kd3 Rh2 76. Ra7+ Kf8 77. Ke4 Re2+ 78. Kd5 Rb2 79.
e6 Rb5+ 80. Ke4 Rb7 81. Rxa2 Ke7 82. Ra8 Kf6 83. Rf8+ Kg7 84. Rc8 Kf6 85. Rc5
Ra7 86. Rd5 Ra4+ 87. Kd3 Ra3+ 88. Kd4 Ra4+ 89. Kc5 Ra5+ 90. Kd6 Ra8 91. Rb5
Rd8+ 92. Kc7 Rd2 93. Kb7 Rd1 94. Rc5 Rg1 95. Ka7 Rg7+ 96. Kb6 Rg8 97. Ka6 Rb8
98. Ka7 Rb2 99. Rd5 Rh2 100. Ka6 Rh7 101. Rc5 Rg7 102. Ra5 Rc7 103. Kb6 Rc8
104. Rd5 Re8 105. Kb7 Rg8 106. Rb5 Rg2 107. Ka7 Rc2 108. Kb6 Rc8 109. Kb7 Rc1
110. Rd5 Rb1+ 111. Kc6 Rb8 112. Kd7 Rb7+ 113. Kd6 Rb1 114. Kc7 Rc1+ 115. Kd8
Ra1 116. Rc5 Rd1+ 117. Ke8 Rb1 118. Rc7 Rb8+ 119. Kd7 Rg8 120. Rc6 Rb8 121. e7+
Kxf5 122. Re6 Kg5 123. Re5+ Kf6 124. Re4 Kf7 125. e8=Q+ Rxe8 126. Rxe8 Kf6 127.
Kd6 Kf5 128. Re5+ Kf4 129. Ke6 Kg4 130. Rf5 Kg3 131. Kf6 Kg2 132. Kg6 {
Tinker resigns} 1-0

[Event "ICS rated standard match"]
[Site "204.178.125.65"]
[Date "2000.06.10"]
[Round "?"]
[White "Hossa"]
[Black "prg3"]
[Result "1-0"]
[WhiteElo "2311"]
[BlackElo "2203"]
[PlyCount "115"]
[EventDate "2000.??.??"]

1. d4 d5 2. Nf3 Nf6 3. e3 c5 4. c3 e6 5. Bd3 Nc6 6. Nbd2 Bd6 7. O-O O-O 8. dxc5
Bxc5 9. e4 dxe4 10. Nxe4 Nxe4 11. Bxe4 h6 12. Qc2 Bd7 13. Rd1 Qc7 14. Bf4 Qxf4
15. Rxd7 Rab8 16. Rad1 Bb6 17. Qa4 Nd4 18. R7xd4 Bxd4 19. Qxd4 Qc7 20. Qxa7 Ra8
21. Qxb7 Qxb7 22. Bxb7 Rxa2 23. b4 Rc2 24. Ne5 Rxc3 25. Nc6 Rb3 26. Kf1 e5 27.
Ba6 Re8 28. Re1 e4 29. Bc4 Rc3 30. Bd5 e3 31. fxe3 Rcxe3 32. Rxe3 Rxe3 33. Kf2
Rc3 34. Ne5 Rc2+ 35. Kf3 Rb2 36. Bxf7+ Kf8 37. Nd3 Rb1 38. Bg6 Ke7 39. Kg4 Kf6
40. Kh5 Rb3 41. g3 Ke7 42. g4 Kf6 43. h4 Ke7 44. Be4 Rb1 45. Kg6 Kf8 46. Kh7
Rg1 47. Ne5 g5 48. h5 Re1 49. Nd7+ Ke7 50. Bf5 Re2 51. Kxh6 Rb2 52. Kg7 Rxb4
53. h6 Rb2 54. Nf6 Kd6 55. Bg6 Ke5 56. h7 Rb7+ 57. Bf7 Rb8 58. Nd7+ {
prg3 resigns} 1-0

[Event "ICS Rated standard match"]
[Site "204.178.125.65"]
[Date "2000.06.10"]
[Round "?"]
[White "Amateur"]
[Black "Hossa"]
[Result "1/2-1/2"]
[WhiteElo "2295"]
[BlackElo "2322"]
[PlyCount "294"]
[EventDate "2000.??.??"]

1. e4 e5 2. Nf3 Nc6 3. Bb5 Nd4 4. Nxd4 exd4 5. d3 c6 6. Bc4 d6 7. c3 dxc3 8.
Nxc3 Nf6 9. Bf4 Be7 10. d4 Nxe4 11. Bxf7+ Kxf7 12. Nxe4 d5 13. Nc3 Re8 14. Be5
Kg8 15. Qh5 g6 16. Qd1 Bd6 17. f4 Qh4+ 18. g3 Qe7 19. Qb3 Bb4 20. O-O-O Bf5 21.
Rhe1 a5 22. Re3 b5 23. a3 Bxc3 24. Rxc3 a4 25. Qa2 Qb7 26. h4 Bg4 27. Rg1 Qd7
28. Rh1 Re7 29. Qb1 Rae8 30. Qc2 Rc8 31. Re1 Re6 32. Rc5 Rf8 33. Qf2 Rf7 34.
Qg2 Re8 35. Qf2 Qb7 36. Re3 Re6 37. Rec3 h6 38. Kb1 Rf8 39. Ka1 Rc8 40. Qc2 Qd7
41. Qb1 Ra8 42. Qc2 Ra6 43. Re3 Qb7 44. Rec3 Bf5 45. Qd1 b4 46. axb4 Qxb4 47.
Qc1 Ra8 48. h5 gxh5 49. Rxc6 Rxc6 50. Rxc6 a3 51. b3 Qxb3 52. Rxh6 Bc2 53. Rc6
Bf5 54. Rc7 Qb4 55. Rg7+ Kf8 56. Rg5 Bg4 57. Bg7+ Kg8 58. Bf6+ Kf8 59. Rxd5 Rc8
60. Rc5 Rxc5 61. Qxc5+ Qxc5 62. dxc5 Be6 63. Bc3 Ke7 64. Bb4 a2 65. c6+ Kd8 66.
Bd6 Bc4 67. f5 Bf7 68. f6 Bc4 69. Kb2 Kc8 70. Bf4 Bg8 71. Bd6 Bc4 72. Be5 Bf7
73. Bf4 Bg8 74. Be5 Bf7 75. Ka1 Kd8 76. Bf4 Be6 77. Bd6 Bc4 78. Bb8 Bd5 79. Bf4
Be6 80. Kb2 Kc8 81. c7 Bf7 82. Be5 Be6 83. Kc2 Bf7 84. Kc1 Bc4 85. Kc2 Bf7 86.
Kd1 Be6 87. Kc1 Bc4 88. Kb2 Be6 89. Ka3 Bd5 90. Ka4 Bc4 91. Ka3 Bd5 92. Kb4
a1=R 93. Bxa1 Kxc7 94. Kc5 Be6 95. Bc3 Kd7 96. Kd4 Ke8 97. Bb4 Kf7 98. Ke5 Bc4
99. Bc5 Kg6 100. Bb4 Kf7 101. Ba3 Kg6 102. Bb2 h4 103. gxh4 Kh5 104. Ba3 Kxh4
105. Be7 Bf7 106. Kf5 Kh5 107. Ke4 Bg6+ 108. Kf4 Bf7 109. Kf5 Bd5 110. Bd8 Bc4
111. Kf4 Bb3 112. Be7 Ba2 113. Kf3 Bb3 114. Ke4 Bc2+ 115. Ke3 Bb3 116. Kd4 Ba2
117. Kd3 Bb1+ 118. Kc4 Ba2+ 119. Kd4 Bb3 120. Kc3 Ba2 121. Kb4 Bd5 122. Kc5 Bb3
123. Bf8 Bc2 124. Kd6 Bd1 125. Ke5 Bb3 126. Bc5 Ba2 127. Bb4 Bc4 128. Be7 Bb3
129. Bb4 Ba2 130. Ke4 Bb1+ 131. Kd4 Ba2 132. Be7 Bb3 133. Ke3 Ba2 134. Kd3 Bb1+
135. Kc3 Ba2 136. Kb4 Bd5 137. Kc5 Bb3 138. Bf8 Bc2 139. Kd6 Bd1 140. Ke5 Bb3
141. Bc5 Ba2 142. Bb4 Bc4 143. Be7 Bb3 144. Bb4 Ba2 145. Ke4 Bb1+ 146. Kd4 Ba2
147. Be7 Bb3 1/2-1/2

[Event "ICS Rated standard match"]
[Site "204.178.125.65"]
[Date "2000.06.10"]
[Round "?"]
[White "Hossa"]
[Black "Amateur"]
[Result "0-1"]
[WhiteElo "2321"]
[BlackElo "2303"]
[PlyCount "68"]
[EventDate "2000.??.??"]

1. d4 Nf6 2. c4 g6 3. Nc3 d5 4. Nf3 Bg7 5. Qa4+ Nc6 6. cxd5 Nxd5 7. Nxd5 Qxd5
8. e3 Bd7 9. Qc4 Be6 10. Qb5 O-O-O 11. Bd2 h5 12. a4 h4 13. Ng5 Rh5 14. Nxe6
Qxe6 15. Qe2 Rhd5 16. b4 Qd6 17. Rb1 Bxd4 18. b5 Bg7 19. Qg4+ f5 20. Qf4 Be5
21. Qc4 Rxd2 22. Be2 Na5 23. Qxh4 Rxe2+ 24. Kxe2 Qd3+ 25. Kf3 Qd5+ 26. Ke2 Qa2+
27. Kf3 Rd2 28. Rbe1 g5 29. g4 gxh4 30. Rhf1 Qd5+ 31. e4 Qd3+ 32. Kg2 h3+ 33.
Kg1 Qf3 34. gxf5 Qg2# {Hossa checkmated} 0-1

[Event "ICS rated standard match"]
[Site "204.178.125.65"]
[Date "2000.06.10"]
[Round "?"]
[White "Bootemout"]
[Black "Hossa"]
[Result "1/2-1/2"]
[WhiteElo "1995"]
[BlackElo "2304"]
[PlyCount "178"]
[EventDate "2000.??.??"]

1. d4 Nf6 2. c4 g6 3. Nc3 d5 4. e3 c6 5. Nf3 Bg7 6. Bd3 O-O 7. O-O Na6 8. a3
Bg4 9. h3 Bxf3 10. Qxf3 Nc7 11. Rd1 e5 12. dxe5 Nd7 13. cxd5 cxd5 14. Qe2 Bxe5
15. Bd2 Nc5 16. Bc2 Rc8 17. Rac1 Qh4 18. Be1 Qc4 19. Bd3 Nxd3 20. Qxd3 f5 21.
Qxc4 dxc4 22. Rd7 Rfd8 23. Rcd1 Ne6 24. R1d5 Rxd7 25. Rxd7 Nc5 26. Rd5 Nd3 27.
Bd2 Bf6 28. Rd7 Rb8 29. Nd5 Bxb2 30. Bc3 Bxc3 31. Nxc3 Ne5 32. Re7 Nc6 33. Rc7
Rd8 34. Rxb7 Rd3 35. Rc7 Ne5 36. Ne2 Rxa3 37. Nf4 Ra5 38. Ne6 Ra4 39. Rg7+ Kh8
40. Re7 h6 41. Rc7 Ra1+ 42. Kh2 Ra6 43. Nd8 Rd6 44. Nf7+ Nxf7 45. Rxf7 Rd2 46.
Rxa7 Rxf2 47. Rc7 Rc2 48. Kg1 h5 49. Kf1 Kg8 50. Kg1 Rc1+ 51. Kf2 h4 52. Kf3 c3
53. Kf4 Rg1 54. Rxc3 Rxg2 55. Ke5 Rb2 56. Kf6 Rb6+ 57. Kg5 Re6 58. Kxh4 Kh7 59.
Kg5 Kg7 60. Rc7+ Kf8 61. Rc3 Ke8 62. h4 Kf7 63. h5 gxh5 64. Kxh5 Kf6 65. Kh4
Re4+ 66. Kg3 Kg5 67. Kf3 Kg6 68. Rc6+ Kf7 69. Ra6 Ke7 70. Rh6 Rg4 71. Rb6 Kf7
72. Ra6 Rg1 73. Rb6 Rf1+ 74. Ke2 Rc1 75. Kf3 Rd1 76. Kf4 Rd5 77. e4 fxe4 78.
Kxe4 Rg5 79. Ra6 Rh5 80. Rb6 Rh4+ 81. Kf3 Rh3+ 82. Kg4 Rh2 83. Kg3 Rh1 84. Kg2
Re1 85. Kf2 Rh1 86. Kg2 Re1 87. Kf2 Rh1 88. Kg2 Re1 89. Kf2 Rh1 1/2-1/2

[Event "ICS rated standard match"]
[Site "204.178.125.65"]
[Date "2000.06.10"]
[Round "?"]
[White "Bootemout"]
[Black "Hossa"]
[Result "0-1"]
[WhiteElo "2001"]
[BlackElo "2298"]
[PlyCount "42"]
[EventDate "2000.??.??"]

1. d4 Nf6 2. c4 g6 3. Nc3 d5 4. e3 c6 5. Nf3 Bg7 6. Bd3 O-O 7. O-O Na6 8. a3
Bg4 9. Re1 Nc7 10. b4 e5 11. Be2 Bxf3 12. Bxf3 exd4 13. exd4 dxc4 14. Bf4 Ncd5
15. Nxd5 Nxd5 16. Bg3 Nc3 17. Qc2 Qxd4 18. Rac1 Rfe8 19. Red1 Nxd1 20. Rxd1 Qd3
21. Qc1 Bb2 {Bootemout resigns} 0-1